[Event "Nezhmetdinov Memorial 40th"]
[Site "Kazan"]
[Date "2018.09.21"]
[Round "9"]
[White "Glukhov, Alexander"]
[Black "Martynyuk, Elizaveta"]
[Result "1-0"]
[WhiteElo "2236"]
[BlackElo "2078"]
[PlyCount "72"]
[EventDate "2018.09.13"]
[EventType "swiss"]
[EventRounds "9"]
[EventCountry "RUS"]
[SourceTitle "CBM 186 Extra"]
[Source "ChessBase"]
[SourceDate "2018.08.24"]
[SourceVersion "1"]
[SourceVersionDate "2018.08.24"]
[SourceQuality "1"]

1. e4 c5 2. Nf3 e6 3. d4 cxd4 4. Nxd4 Nc6 5. Nc3 Qc7 6. Be3 Nf6 7. Qd2 a6 8. f3 Bb4 9. a3 Ba5 10. Nb3 0-0 11. Bc5 Bxc3 12. bxc3 Re8 13. Bd6 Qd8 14. e5 Nd5 15. c4 Nde7 16. Bd3 Nf5 17. Bxf5 exf5 18. 0-0-0 Nxe5 19. Rhe1 Nxc4 20. Rxe8+ Qxe8 21. Re1 Qd8 22. Qd5 Nxd6 23. Qxd6 Qf8 24. Re7 b6 25. Nd4 Bb7 26. Nxf5 Bc6 27. Qe5 g6 28. Nd6 Qh6+ 29. Kb2 Rf8 30. Ne8 d6 31. Nf6+ Kh8 32. Qxd6 Rc8 33. Rxf7 Ba4 34. Rxh7+ Qxh7 35. Nxh7 Kxh7 36. Qe7+ Kg8 1-0

[Event "Moscow op-A"]
[Site "Moscow"]
[Date "2015.02.05"]
[Round "6"]
[White "Glukhov, Alexander"]
[Black "Sadykov, Ramil"]
[Result "1-0"]
[WhiteElo "2296"]
[BlackElo "2403"]
[PlyCount "55"]
[EventDate "2015.01.31"]
[EventType "swiss"]
[EventRounds "9"]
[EventCountry "RUS"]
[SourceTitle "CBM 164 Extra"]
[Source "ChessBase"]
[SourceDate "2015.03.02"]
[SourceVersion "1"]
[SourceVersionDate "2015.03.02"]
[SourceQuality "1"]

1. d4 e6 2. c4 Nf6 3. Nc3 d5 4. Nf3 c6 5. e3 a6 6. c5 b6 7. cxb6 Qxb6 8. Bd3 Nbd7 9. 0-0 c5 10. Na4 Qa7 11. Bd2 Bb7 12. Rc1 Rc8 13. dxc5 Nxc5 14. Nxc5 Bxc5 15. b4 Bd6 16. Qa4+ Ke7 17. b5 Nd7 18. bxa6 Ba8 19. Qh4+ Nf6 20. Bc3 Qb8 21. Bd4 Rxc1 22. Rxc1 Rc8 23. Rxc8 Qxc8 24. Bxf6+ gxf6 25. Qxh7 Qc1+ 26. Bf1 Bc6 27. Nd4 Bd7 28. Qd3 1-0

[Event "Moscow op-A"]
[Site "Moscow"]
[Date "2015.02.03"]
[Round "4"]
[White "Glukhov, Alexander"]
[Black "Nazarov, Rustem"]
[Result "1/2-1/2"]
[WhiteElo "2296"]
[BlackElo "2059"]
[PlyCount "101"]
[EventDate "2015.01.31"]
[EventType "swiss"]
[EventRounds "9"]
[EventCountry "RUS"]
[SourceTitle "CBM 164 Extra"]
[Source "ChessBase"]
[SourceDate "2015.03.02"]
[SourceVersion "1"]
[SourceVersionDate "2015.03.02"]
[SourceQuality "1"]

1. e4 c5 2. Nf3 d6 3. Bb5+ Bd7 4. Bxd7+ Qxd7 5. 0-0 Nc6 6. c3 Nf6 7. Qe2 e6 8. d4 cxd4 9. cxd4 Be7 10. Nc3 0-0 11. d5 exd5 12. exd5 Nb4 13. Rd1 Rfe8 14. a3 Na6 15. Be3 Ng4 16. Bd4 Nc5 17. Qb5 Qxb5 18. Nxb5 Rec8 19. h3 Nh6 20. Re1 Nf5 21. Bc3 a6 22. g4 axb5 23. gxf5 Bf6 24. Bxf6 gxf6 25. Nd4 Nd3 26. Re3 Nxb2 27. Nxb5 Nc4 28. Rc3 Ra5 29. Rb1 Rc5 30. a4 b6 31. Rb4 Ne5 32. Rg3+ Kf8 33. Nxd6 Rxd5 34. Rxb6 Nd7 35. Rb5 Rd1+ 36. Kg2 Rxa4 37. Nb7 Raa1 38. Nc5 Ne5 39. Rb8+ Ke7 40. Rb7+ Kd6 41. Ne4+ Kc6 42. Rgb3 Rg1+ 43. Kh2 Nf3+ 44. Rxf3 Kxb7 45. Nxf6 h6 46. Rg3 Rxg3 47. Kxg3 Rg1+ 48. Kf4 Kc7 49. Ng4 h5 50. Nf6 h4 51. Ng4 1/2-1/2

[Event "Izhevsk Corporation Cup 6th"]
[Site "Izhevsk"]
[Date "2014.07.15"]
[Round "4"]
[White "Glukhov, Alexander"]
[Black "Mokshanov, Alexey"]
[Result "1/2-1/2"]
[WhiteElo "2224"]
[BlackElo "2440"]
[PlyCount "83"]
[EventDate "2014.07.12"]
[EventType "swiss"]
[EventRounds "9"]
[EventCountry "RUS"]
[SourceTitle "CBM 161 Extra"]
[Source "ChessBase"]
[SourceDate "2014.08.29"]
[SourceVersion "1"]
[SourceVersionDate "2014.08.29"]
[SourceQuality "1"]

1. e4 e5 2. Nf3 Nc6 3. Bc4 Bc5 4. 0-0 Nf6 5. d3 d6 6. c3 Bb6 7. a4 a6 8. b4 Ne7 9. a5 Ba7 10. Qb3 0-0 11. Nbd2 c6 12. d4 exd4 13. Nxd4 Bxd4 14. cxd4 d5 15. exd5 Nexd5 16. Nf3 h6 17. Ne5 Be6 18. Re1 Nc7 19. Qg3 Nh5 20. Qf3 Nf6 21. Qg3 Kh8 22. Bd3 Ncd5 23. Bd2 Ne7 24. Qf4 Nfg8 25. g4 Nd5 26. Qg3 Nde7 27. Qf4 Nd5 28. Qg3 Nde7 29. Qf4 Nd5 30. Qg3 Nde7 31. Qf4 Nd5 32. Qg3 Nde7 33. Qf4 Nd5 34. Qg3 Nde7 35. Qf4 Nd5 36. Qg3 Nde7 37. Qf4 Nd5 38. Qg3 Nde7 39. Qf4 Nd5 40. Qg3 Nde7 41. Qf4 Nd5 42. Qg3 1/2-1/2

[Event "Nezhmetdinov Memorial 36th"]
[Site "Kazan"]
[Date "2014.06.04"]
[Round "5"]
[White "Glukhov, Alexander"]
[Black "Vastrukhin, Oleg"]
[Result "1-0"]
[WhiteElo "2185"]
[BlackElo "2401"]
[PlyCount "58"]
[EventDate "2014.05.31"]
[EventType "swiss"]
[EventRounds "9"]
[EventCountry "RUS"]
[SourceTitle "CBM 160 Extra"]
[Source "ChessBase"]
[SourceDate "2014.07.01"]
[SourceVersion "1"]
[SourceVersionDate "2014.07.01"]
[SourceQuality "1"]

1. e4 g6 2. d4 Bg7 3. Nc3 c6 4. Nf3 d5 5. Bd3 dxe4 6. Nxe4 Nf6 7. Nxf6+ exf6 8. Be3 0-0 9. Qd2 a5 10. 0-0 Na6 11. c4 Nc7 12. Rfe1 a4 13. Rad1 Bg4 14. Be2 Re8 15. h3 Bf5 16. d5 cxd5 17. cxd5 Be4 18. d6 Nd5 19. Bb5 Re6 20. Bc5 Ra5 21. Rxe4 Rxb5 22. Qxd5 Rxc5 23. Qxc5 Rxe4 24. Qc7 Re8 25. d7 Rf8 26. Qxb7 f5 27. Qc6 Bxb2 28. Re1 Qa5 29. Re8 Qb4 1-0

[Event "Nezhmetdinov Memorial 36th"]
[Site "Kazan"]
[Date "2014.06.03"]
[Round "4"]
[White "Rjabzev, Konstantin"]
[Black "Glukhov, Alexander"]
[Result "1/2-1/2"]
[WhiteElo "2292"]
[BlackElo "2185"]
[PlyCount "171"]
[EventDate "2014.05.31"]
[EventType "swiss"]
[EventRounds "9"]
[EventCountry "RUS"]
[SourceTitle "CBM 160 Extra"]
[Source "ChessBase"]
[SourceDate "2014.07.01"]
[SourceVersion "1"]
[SourceVersionDate "2014.07.01"]
[SourceQuality "1"]

1. e4 c5 2. Nf3 g6 3. c3 Bg7 4. d4 cxd4 5. cxd4 d5 6. e5 Nh6 7. Bb5+ Nc6 8. Bxc6+ bxc6 9. 0-0 0-0 10. b3 Bg4 11. Nbd2 f6 12. h3 Bf5 13. exf6 Bxf6 14. Ba3 Nf7 15. Re1 Qc7 16. Rc1 Rfe8 17. Bc5 a5 18. Nf1 e5 19. dxe5 Nxe5 20. Nxe5 Bxe5 21. Bd4 Bd7 22. Bxe5 Rxe5 23. Qd4 Rxe1 24. Rxe1 Qd6 25. Ne3 Qb4 26. Qd1 Re8 27. Re2 Qe4 28. Rd2 Rf8 29. Rd4 Qe7 30. Qd2 Qg5 31. Qxa5 Bxh3 32. Qd2 Be6 33. b4 Ra8 34. Qc2 Qe5 35. Rd1 d4 36. Nc4 Qd5 37. Na5 Rc8 38. Nb3 Qe5 39. Nxd4 Bd5 40. Qc5 Qh5 41. Re1 Qg4 42. f3 Qh4 43. Rd1 Re8 44. Qc3 Bxa2 45. Nxc6 Re2 46. Qd4 Qg3 47. Qd8+ Kg7 48. Qd7+ Bf7 49. Qh3 Qxh3 50. gxh3 Rb2 51. Rd4 Be6 52. h4 Bh3 53. Ne5 Rg2+ 54. Kh1 Rb2 55. Rf4 Bf5 56. Kg1 Kf6 57. Ng4+ Ke6 58. Nf2 Ke5 59. Rc4 Kd5 60. Rc5+ Kd6 61. Rb5 Kc6 62. Rb8 Kc7 63. Rh8 h5 64. Kg2 Rxb4 65. Kg3 Kd6 66. Re8 Kd7 67. Re3 Kd6 68. Nd1 Rb1 69. Nc3 Rg1+ 70. Kf4 Rh1 71. Kg5 Rg1+ 72. Kf6 Rh1 73. Ne4+ Kd5 74. Ng3 Rxh4 75. Re5+ Kc4 76. Nxf5 gxf5 77. Kxf5 Kd4 78. Re1 Rh2 79. Kf4 Kd5 80. Kg5 h4 81. Kg4 Kd6 82. f4 Kd7 83. Re3 Rh1 84. Re2 Kd6 85. f5 h3 86. Kg3 1/2-1/2

[Event "Nezhmetdinov Memorial 34th"]
[Site "Kazan"]
[Date "2012.09.27"]
[Round "2.17"]
[White "Glukhov, Alexander"]
[Black "Timofeev, Artyom"]
[Result "1-0"]
[WhiteElo "2150"]
[BlackElo "2640"]
[PlyCount "91"]
[EventDate "2012.09.25"]
[EventType "swiss"]
[EventRounds "9"]
[EventCountry "RUS"]
[SourceTitle "EXT 2022"]
[Source "ChessBase"]
[SourceDate "2021.10.06"]
[SourceVersion "1"]
[SourceVersionDate "2021.10.06"]
[SourceQuality "1"]

1. e4 c5 2. Nf3 e6 3. d4 cxd4 4. Nxd4 Nc6 5. Nc3 Qc7 6. Be3 Nf6 7. f4 Bb4 8. Ndb5 Qa5 9. e5 Ne4 10. Qd3 Nxc3 11. bxc3 Be7 12. Be2 0-0 13. 0-0 f6 14. exf6 Bxf6 15. Rab1 d5 16. Bg4 Bd7 17. c4 Rad8 18. cxd5 exd5 19. Qxd5+ Rf7 20. Be6 Be8 21. Qb3 a6 22. Na3 Nd4 23. Bxd4 Rxd4 24. Kh1 Qc5 25. c4 Bc6 26. Rbd1 Re4 27. Rde1 Rxe1 28. Rxe1 Qf2 29. Rg1 Bd4 30. Bxf7+ Kxf7 31. Qd1 Be4 32. c5 Bxc5 33. Qd7+ Kf6 34. Qd8+ Be7 35. Qa5 Kg6 36. Qe5 Bxa3 37. Qxe4+ Kf6 38. Qe5+ Kf7 39. Qd5+ Kf6 40. Qxb7 Qxa2 41. Qxa6+ Kf7 42. Rd1 Qb3 43. Qd3 Qxd3 44. Rxd3 Be7 45. g3 g5 46. Kg2 1-0

[Event "Voronezh op 16th"]
[Site "Voronezh"]
[Date "2012.06.21"]
[Round "9"]
[White "Papayan, Oleg"]
[Black "Glukhov, Alexander"]
[Result "0-1"]
[WhiteElo "2294"]
[BlackElo "2109"]
[PlyCount "54"]
[EventDate "2012.06.12"]
[EventType "swiss"]
[EventRounds "9"]
[EventCountry "RUS"]
[SourceTitle "CBM 149 Extra"]
[Source "ChessBase"]
[SourceDate "2012.08.24"]
[SourceVersion "1"]
[SourceVersionDate "2012.08.24"]
[SourceQuality "1"]

1. d4 d5 2. c4 c6 3. Nf3 Nf6 4. Qb3 dxc4 5. Qxc4 Bf5 6. g3 Nbd7 7. Bg2 e6 8. 0-0 Be7 9. Nc3 0-0 10. Re1 Ne4 11. e3 Nxc3 12. bxc3 Be4 13. Qe2 Qa5 14. c4 Qa6 15. Bf1 c5 16. Nd2 Bg6 17. Bb2 Bf6 18. Bg2 Rac8 19. h4 h6 20. a4 cxd4 21. exd4 Rfd8 22. Qf3 Nc5 23. dxc5 Bxb2 24. Qxb7 Qxb7 25. Bxb7 Rc7 26. Ra2 Rxd2 27. c6 Bd3 0-1

[Event "Voronezh op 16th"]
[Site "Voronezh"]
[Date "2012.06.19"]
[Round "7"]
[White "Severina, Maria"]
[Black "Glukhov, Alexander"]
[Result "0-1"]
[WhiteElo "2247"]
[BlackElo "2109"]
[PlyCount "109"]
[EventDate "2012.06.12"]
[EventType "swiss"]
[EventRounds "9"]
[EventCountry "RUS"]
[SourceTitle "CBM 149 Extra"]
[Source "ChessBase"]
[SourceDate "2012.08.24"]
[SourceVersion "1"]
[SourceVersionDate "2012.08.24"]
[SourceQuality "1"]

1. d4 d5 2. c4 c6 3. Nf3 Nf6 4. Nc3 e6 5. e3 Nbd7 6. Bd3 dxc4 7. Bxc4 b5 8. Bd3 Bb7 9. 0-0 a6 10. e4 c5 11. d5 c4 12. dxe6 fxe6 13. Bc2 Qb6 14. Qe2 Be7 15. e5 Nd5 16. Ng5 g6 17. a4 Bxg5 18. Bxg5 0-0 19. Nxd5 Bxd5 20. h4 Qd4 21. Rae1 Rf7 22. axb5 axb5 23. Bb1 b4 24. Be4 Qxe5 25. Bxd5 Qxe2 26. Rxe2 exd5 27. Rd1 Nb6 28. Be3 Re7 29. Red2 Na4 30. Ra1 Rd7 31. b3 cxb3 32. Rb1 b2 33. Bd4 Kf7 34. Bxb2 Nc3 35. Rc1 d4 36. Bxc3 bxc3 37. Rxc3 dxc3 38. Rxd7+ Ke6 39. Rc7 Ra3 40. Kf1 Ke5 41. Ke2 Kd4 42. Rd7+ Kc4 43. Rc7+ Kb3 44. Kd3 Kb2 45. f3 Rb3 46. g4 Rb6 47. f4 Rd6+ 48. Ke4 c2 49. Rb7+ Kc3 50. Rc7+ Kd2 51. f5 c1Q 52. Rxc1 Kxc1 53. h5 gxh5 54. gxh5 Kd2 55. Ke5 0-1

[Event "Privolzhskogo FO-ch"]
[Site "Kazan"]
[Date "2012.03.06"]
[Round "9"]
[White "Trifonov, Pavel"]
[Black "Glukhov, Alexander"]
[Result "0-1"]
[WhiteElo "2222"]
[BlackElo "2078"]
[PlyCount "60"]
[EventDate "2012.02.26"]
[EventType "swiss"]
[EventRounds "9"]
[EventCountry "RUS"]
[SourceTitle "CBM 147 Extra"]
[Source "ChessBase"]
[SourceDate "2012.04.24"]
[SourceVersion "1"]
[SourceVersionDate "2012.04.24"]
[SourceQuality "1"]

1. e4 c5 2. Nf3 g6 3. d4 cxd4 4. Nxd4 Nf6 5. Nc3 d6 6. Be3 Bg7 7. f3 0-0 8. Qd2 Nc6 9. Bc4 Bd7 10. 0-0-0 Rb8 11. Bb3 Na5 12. Nde2 b5 13. Kb1 b4 14. Nd5 Nxb3 15. cxb3 Nxd5 16. exd5 Rb5 17. g4 Qa5 18. Ng3 Qa6 19. Qe2 Qb7 20. Bd4 Rxd5 21. Bxg7 Kxg7 22. Rxd5 Qxd5 23. Qxe7 Be6 24. Rf1 Qd4 25. Rc1 Qd3+ 26. Ka1 Rc8 27. Qg5 Rxc1+ 28. Qxc1 Qxf3 29. g5 Qf2 30. a3 Bxb3 0-1

[Event "Privolzhskogo FO-ch"]
[Site "Kazan"]
[Date "2012.03.02"]
[Round "5"]
[White "Timofeeva, Ekaterina"]
[Black "Glukhov, Alexander"]
[Result "0-1"]
[WhiteElo "2277"]
[BlackElo "2078"]
[PlyCount "72"]
[EventDate "2012.02.26"]
[EventType "swiss"]
[EventRounds "9"]
[EventCountry "RUS"]
[SourceTitle "CBM 147 Extra"]
[Source "ChessBase"]
[SourceDate "2012.04.24"]
[SourceVersion "1"]
[SourceVersionDate "2012.04.24"]
[SourceQuality "1"]

1. Nf3 g6 2. g3 Bg7 3. d4 c5 4. d5 d6 5. c4 Nf6 6. Nc3 0-0 7. Bg2 e6 8. 0-0 exd5 9. cxd5 a6 10. a4 Re8 11. Nd2 Nbd7 12. e4 Qc7 13. f4 Rb8 14. a5 b5 15. axb6 Rxb6 16. h3 Rb4 17. Qf3 Bb7 18. g4 h6 19. Ra3 a5 20. Rd1 Qb6 21. Kh1 Ba6 22. Re1 g5 23. fxg5 hxg5 24. Qe3 Nh7 25. Nf1 Ne5 26. Na4 Qb5 27. Nc3 Qb6 28. Na2 Nc4 29. Qf3 Nxa3 30. bxa3 Rb1 31. Ng3 Qb3 32. Qxb3 Rxb3 33. Nf5 Be5 34. h4 gxh4 35. a4 f6 36. Be3 Ng5 0-1

[Event "Privolzhskogo FO-ch"]
[Site "Togliatti"]
[Date "2011.03.18"]
[Round "9"]
[White "Volodin, Ivan"]
[Black "Glukhov, Alexander"]
[Result "1/2-1/2"]
[WhiteElo "2210"]
[BlackElo "2050"]
[PlyCount "63"]
[EventDate "2011.03.10"]
[EventType "swiss"]
[EventRounds "9"]
[EventCountry "RUS"]
[SourceTitle "CBM 141 Extra"]
[Source "ChessBase"]
[SourceDate "2011.05.03"]
[SourceVersion "1"]
[SourceVersionDate "2011.05.03"]
[SourceQuality "1"]

1. d4 d5 2. Nf3 Nf6 3. c4 c6 4. Qb3 dxc4 5. Qxc4 Bf5 6. g3 e6 7. Bg2 Nbd7 8. 0-0 Be7 9. Nc3 0-0 10. Re1 Ne4 11. Bf4 Nb6 12. Qb3 Nxc3 13. bxc3 Be4 14. Ne5 Bxg2 15. Kxg2 c5 16. dxc5 Bxc5 17. Rad1 Qe7 18. e4 Rfd8 19. a4 Qe8 20. a5 Qa4 21. Rb1 Qxb3 22. Rxb3 f6 23. axb6 fxe5 24. Bg5 Rf8 25. Be3 axb6 26. Bxc5 bxc5 27. Rxb7 Ra2 28. Rf1 Ra3 29. Rd1 Ra2 30. Rf1 Ra3 31. Rd1 Ra2 32. Rf1 1/2-1/2

[Event "Privolzhskogo FO-ch"]
[Site "Togliatti"]
[Date "2011.03.16"]
[Round "7"]
[White "Glukhov, Alexander"]
[Black "Kirpichnikov, Vladimir V"]
[Result "1-0"]
[WhiteElo "2050"]
[BlackElo "2201"]
[PlyCount "53"]
[EventDate "2011.03.10"]
[EventType "swiss"]
[EventRounds "9"]
[EventCountry "RUS"]
[SourceTitle "CBM 141 Extra"]
[Source "ChessBase"]
[SourceDate "2011.05.03"]
[SourceVersion "1"]
[SourceVersionDate "2011.05.03"]
[SourceQuality "1"]

1. e4 e5 2. Nf3 Nf6 3. Nxe5 d6 4. Nf3 Nxe4 5. Nc3 Nxc3 6. dxc3 Be7 7. Be3 Nc6 8. Qd2 Ne5 9. 0-0-0 Nxf3 10. gxf3 Be6 11. Kb1 Bf6 12. Rg1 a6 13. f4 Qd7 14. Bd4 Bxd4 15. Qxd4 f6 16. Re1 0-0-0 17. Qa7 c6 18. Bxa6 bxa6 19. Qa8+ Kc7 20. Qa7+ Kc8 21. Qxa6+ Kb8 22. Qb6+ Kc8 23. Qa6+ Kb8 24. Re4 c5 25. c4 Kc7 26. Rxg7 Bf7 27. Rxf7 1-0